[Event "FIDE World Bl Team Pool B"]
[Site "London ENG"]
[Date "2025.06.14"]
[Round "7.6"]
[White "Morea, Georgiana-Steluta"]
[Black "Cepoi, Gesneria-Codruta"]
[Result "1-0"]
[WhiteElo "1920"]
[BlackElo "1598"]
[WhiteTeam "Sharks 4NCL"]
[BlackTeam "Hammersmith Chess Club"]
[WhiteFideId "1204319"]
[BlackFideId "1285297"]
[EventDate "2025.06.14"]
[EventType "team"]

1. c4 Nf6 2. Nc3 g6 3. d3 Bg7 4. g3 O-O 5. Bg2 e6 6. e4 e5 7. Nge2 c6 8. O-O d6
9. h3 a6 10. a4 Re8 11. Be3 Nbd7 12. Qd2 a5 13. f4 exf4 14. Nxf4 Ne5 15. Rae1
Bd7 16. b3 Qc7 17. d4 Rad8 18. dxe5 dxe5 19. Nd3 Nh5 20. Kh2 f5 21. Bg5 Rc8 22.
Rd1 Bf6 23. Bxf6 Nxf6 24. Qg5 Rf8 25. Nc5 Rcd8 26. exf5 Bxf5 27. Rxd8 Qxd8 28.
Rxf5 Kg7 29. Ne6+ Kg8 30. Nxd8 Rxd8 31. Rxf6 Rd7 32. Qxe5 1-0

[Event "FIDE World Bl Team Pool B"]
[Site "London ENG"]
[Date "2025.06.14"]
[Round "8.1"]
[White "Anand, Viswanathan"]
[Black "Adams, Michael"]
[Result "1/2-1/2"]
[WhiteTitle "GM"]
[BlackTitle "GM"]
[WhiteElo "2743"]
[BlackElo "2659"]
[WhiteTeam "Freedom"]
[BlackTeam "Malcolm's Mates"]
[WhiteFideId "5000017"]
[BlackFideId "400041"]
[EventDate "2025.06.14"]
[EventType "team"]

1. e4 e5 2. Nf3 Nc6 3. Bb5 a6 4. Ba4 Nf6 5. O-O Be7 6. Bxc6 dxc6 7. Re1 Nd7 8.
d4 exd4 9. Qxd4 O-O 10. Bf4 Nc5 11. Qe3 Ne6 12. Bg3 Bc5 13. Qe2 Qe7 14. Nbd2 Bd7
15. Nb3 Bb6 16. Rad1 a5 17. Nbd2 a4 18. Nc4 Bc5 19. Nce5 Be8 20. c3 f6 21. Nd3
Bb6 22. Nh4 g6 23. Nf5 Qd7 24. Ne5 fxe5 25. Rxd7 Bxd7 26. Nh6+ Kg7 27. Qd2 Nf4
28. Qxd7+ Kxh6 29. h3 Rad8 30. Qe7 Rde8 31. Qh4+ Kg7 32. Rd1 Rf7 33. Kh2 Ne2 34.
Rd8 Nxg3 35. Rxe8 Bxf2 36. Qd8 Nf1+ 37. Kh1 Ng3+ 38. Kh2 Nf1+ 1/2-1/2

[Event "FIDE World Bl Team Pool B"]
[Site "London ENG"]
[Date "2025.06.14"]
[Round "8.2"]
[White "Vitiugov, Nikita"]
[Black "Sevian, Samuel"]
[Result "1-0"]
[WhiteTitle "GM"]
[BlackTitle "GM"]
[WhiteElo "2671"]
[BlackElo "2687"]
[WhiteTeam "Malcolm's Mates"]
[BlackTeam "Freedom"]
[WhiteFideId "4152956"]
[BlackFideId "2040506"]
[EventDate "2025.06.14"]
[EventType "team"]

1. e4 e6 2. d4 d5 3. e5 c5 4. c3 Nc6 5. Nf3 Bd7 6. Be2 f6 7. O-O fxe5 8. Nxe5
Nxe5 9. dxe5 Qc7 10. Re1 O-O-O 11. Bf1 Ne7 12. a4 Nf5 13. Na3 c4 14. b4 cxb3 15.
Qxb3 Bc5 16. Nb5 Bxb5 17. Qxb5 Rhf8 18. Ra2 Kb8 19. Ba3 Bxa3 20. Rxa3 d4 21. Qb4
a5 22. Qb2 d3 23. Rd1 Qxe5 24. Rb3 Rf7 25. Rxd3 Rxd3 26. Bxd3 Qe1+ 27. Bf1 Ne3
28. Qe2 Qxf1+ 29. Qxf1 Nxf1 30. Kxf1 Rf4 31. Ra3 Kc7 32. Ke2 Kc6 33. Ke3 e5 34.
g3 Rc4 35. Kd3 Kc5 36. Rb3 e4+ 37. Ke3 Kc6 38. Ra3 b6 39. h4 h5 40. Kf4 Kd5 41.
Kg5 Rc6 42. Kxh5 Kc4 43. Kg5 Rf6 44. Ra2 Kb3 45. Re2 Kxa4 46. Rxe4+ Kb3 47. Re7
Rxf2 48. Rxg7 a4 49. Rb7 Kxc3 50. Rxb6 a3 51. Ra6 Kb4 52. h5 a2 53. h6 Rh2 54.
g4 Kb5 55. Ra8 Kb4 56. Kg6 Kb3 57. h7 Rh1 58. g5 Kb2 59. Kg7 1-0

[Event "FIDE World Bl Team Pool B"]
[Site "London ENG"]
[Date "2025.06.14"]
[Round "8.3"]
[White "Le, Quang Liem"]
[Black "Saric, Ivan"]
[Result "1-0"]
[WhiteTitle "GM"]
[BlackTitle "GM"]
[WhiteElo "2729"]
[BlackElo "2661"]
[WhiteTeam "Freedom"]
[BlackTeam "Malcolm's Mates"]
[WhiteFideId "12401137"]
[BlackFideId "14508150"]
[EventDate "2025.06.14"]
[EventType "team"]

1. Nf3 Nf6 2. c4 g6 3. d4 Bg7 4. g3 O-O 5. Bg2 d5 6. cxd5 Nxd5 7. O-O Nb6 8. Nc3
Nc6 9. e3 Re8 10. h3 a5 11. Qe2 e5 12. Nxe5 Nxe5 13. dxe5 Bxe5 14. Rd1 Qe7 15.
e4 a4 16. f4 Bxc3 17. bxc3 a3 18. Be3 Na4 19. Bd4 c5 20. Be5 Ra6 21. Qb5 f6 22.
Bd6 Qe6 23. e5 Qf7 24. Rac1 Nb2 25. Rd2 Be6 26. Bxc5 Bxa2 27. Rd7 Qe6 28. Qxb7 1-0

[Event "FIDE World Bl Team Pool B"]
[Site "London ENG"]
[Date "2025.06.14"]
[Round "8.4"]
[White "McShane, Luke J"]
[Black "Sarana, Alexey"]
[Result "0-1"]
[WhiteTitle "GM"]
[BlackTitle "GM"]
[WhiteElo "2615"]
[BlackElo "2686"]
[WhiteTeam "Malcolm's Mates"]
[BlackTeam "Freedom"]
[WhiteFideId "404853"]
[BlackFideId "24133795"]
[EventDate "2025.06.14"]
[EventType "team"]

1. e4 c5 2. Nf3 d6 3. d4 cxd4 4. Nxd4 Nf6 5. Nc3 a6 6. Be2 e5 7. Nb3 Be6 8. Bg5
Nbd7 9. O-O h6 10. Be3 Be7 11. a4 Nb6 12. Qd2 Rc8 13. Rfd1 O-O 14. Qe1 Nc4 15.
Bxc4 Rxc4 16. Nd2 Rc8 17. Nf1 b5 18. axb5 axb5 19. Ng3 b4 20. Nb5 d5 21. exd5
Nxd5 22. c3 Qe8 23. Ra5 bxc3 24. Nxc3 Nxc3 25. bxc3 f6 26. Ra7 Rf7 27. Ne4 Qc6
28. f3 Bf5 29. Ng3 Bc2 30. Rc1 Bg6 31. c4 Qe6 32. c5 Bf8 33. Rxf7 Qxf7 34. c6
Qd5 35. Qc3 Be8 36. c7 Bd6 37. Bb6 Qb5 38. Qa5 Qb2 39. Rd1 Be7 40. Nf5 Bf8 41.
h3 Kh7 42. Kh2 Bg6 43. Nd6 Bxd6 44. Rxd6 e4 45. Rd2 Qc1 46. fxe4 Bxe4 47. Qb4
Bf5 48. Qf4 Bg6 49. Qd6 Qc4 50. Rf2 Qa6 51. Bc5 Qb7 52. Bb6 Qa6 53. Qc6 Be8 54.
Qe4+ Bg6 55. Qe6 Qb7 56. Qd6 Qa6 57. Rb2 Qa1 58. Bd4 Qc1 59. Rb7 Be4 60. Ra7 Qd2
61. Qg3 0-1

[Event "FIDE World Bl Team Pool B"]
[Site "London ENG"]
[Date "2025.06.14"]
[Round "8.5"]
[White "Muzychuk, Anna"]
[Black "Bulmaga, Irina"]
[Result "0-1"]
[WhiteTitle "GM"]
[BlackTitle "IM"]
[WhiteElo "2535"]
[BlackElo "2393"]
[WhiteTeam "Freedom"]
[BlackTeam "Malcolm's Mates"]
[WhiteFideId "14111330"]
[BlackFideId "13903063"]
[EventDate "2025.06.14"]
[EventType "team"]

1. e4 e5 2. Nf3 Nc6 3. Bc4 Bc5 4. d3 Nf6 5. Nc3 h6 6. Be3 Bxe3 7. fxe3 d6 8. a3
Be6 9. Rf1 a6 10. Qe2 Qe7 11. O-O-O O-O-O 12. Nh4 Rhe8 13. Nf5 Bxf5 14. Rxf5 Rf8
15. Rdf1 Nb8 16. Rxf6 gxf6 17. Nd5 Qd7 18. Rxf6 b5 19. Bb3 Kb7 20. Qh5 Rde8 21.
Nc3 Qe7 22. Rxh6 c6 23. Rh7 Nd7 24. Rxf7 Rxf7 25. Qxf7 Qxf7 26. Bxf7 Rf8 27. Be6
Rf1+ 28. Nd1 Nf6 29. h4 Rg1 30. Bh3 Kc7 31. Kd2 Nh5 32. Ke2 Ng3+ 33. Kf2 Rxd1
34. Kxg3 Kd8 35. h5 Ke7 36. Bc8 a5 37. Bb7 c5 38. Ba6 b4 39. axb4 cxb4 40. Bb5
Kf6 41. Ba4 Ra1 42. b3 Rc1 43. Kh4 Rxc2 44. g4 Rh2+ 45. Kg3 Rh1 46. d4 Kg5 47.
Bd7 Rb1 48. Ba4 Rb2 49. Kf3 Rc2 50. Bd7 Rb2 51. Ba4 Ra2 52. Bd7 Ra3 53. Be6 a4
54. bxa4 b3 0-1

[Event "FIDE World Bl Team Pool B"]
[Site "London ENG"]
[Date "2025.06.14"]
[Round "8.6"]
[White "Omarov, Murat"]
[Black "Mani, Sarbartho"]
[Result "0-1"]
[WhiteElo "1823"]
[BlackElo "1847"]
[WhiteTeam "Malcolm's Mates"]
[BlackTeam "Freedom"]
[WhiteFideId "13731173"]
[BlackFideId "366112022"]
[EventDate "2025.06.14"]
[EventType "team"]

1. e4 e6 2. d4 d5 3. Nd2 Nf6 4. e5 Nfd7 5. Bd3 c5 6. c3 Nc6 7. Ne2 cxd4 8. cxd4
f6 9. exf6 Nxf6 10. O-O Bd6 11. Nf3 O-O 12. Bg5 Bd7 13. a3 Qc7 14. Rc1 Rae8 15.
b4 a6 16. Bb1 Qb8 17. Bh4 Ne4 18. Ng3 Nxg3 19. Bxg3 Bxg3 20. hxg3 Qd6 21. Re1 e5
22. dxe5 Nxe5 23. Ng5 h6 24. Ne4 Qe6 25. Nc5 Qf7 26. f4 Nc4 27. Qd3 Rxe1+ 28.
Rxe1 Bf5 29. Qf3 Bxb1 30. Rxb1 Nd2 31. Qd3 Nxb1 32. Qxb1 Rd8 33. Qb3 d4 34. Qd3
Qd5 35. f5 Rf8 36. g4 Qe5 37. Ne6 Rc8 38. Qxd4 Rc1+ 39. Kf2 Qxd4+ 40. Nxd4 Rc3
41. a4 Rc4 42. Ne6 0-1

[Event "FIDE World Bl Team Pool B"]
[Site "London ENG"]
[Date "2025.06.14"]
[Round "8.1"]
[White "Harvey, Marcus R"]
[Black "Gallana, Marco"]
[Result "1/2-1/2"]
[WhiteTitle "IM"]
[WhiteElo "2445"]
[BlackElo "2215"]
[WhiteTeam "Wood Green"]
[BlackTeam "Hammersmith Chess Club"]
[WhiteFideId "400092"]
[BlackFideId "824542"]
[EventDate "2025.06.14"]
[EventType "team"]

1. c4 Nf6 2. Nc3 c5 3. Nf3 d5 4. cxd5 Nxd5 5. g3 Nc6 6. Bg2 e6 7. O-O Be7 8. d4
Nxc3 9. bxc3 O-O 10. Rb1 Qa5 11. Qb3 Qa6 12. e3 Rb8 13. a4 cxd4 14. cxd4 Bd7 15.
Qb5 Qxb5 16. axb5 Nb4 17. Ba3 a5 18. bxa6 bxa6 19. Ne5 Ba4 20. Rfc1 a5 21. Be4
Rfc8 22. Rxc8+ Rxc8 23. Nd3 Bc2 24. Rc1 Nxd3 25. Bxd3 Bxa3 26. Rxc2 Rxc2 27.
Bxc2 Kf8 28. h4 g6 29. Kf1 Ke7 30. Ke2 Bb4 31. g4 h6 32. g5 h5 33. Bb3 Bd6 34.
f4 Bb4 35. e4 Bc3 36. d5 exd5 37. Bxd5 a4 38. f5 Be5 39. f6+ Kf8 40. Kf3 a3 41.
Ba2 Bb2 42. Kf4 Bd4 43. Kg3 Be5+ 44. Kf3 Bd4 45. Kg3 Be5+ 1/2-1/2

[Event "FIDE World Bl Team Pool B"]
[Site "London ENG"]
[Date "2025.06.14"]
[Round "8.2"]
[White "Villiers, Thomas"]
[Black "Willow, Jonah B"]
[Result "0-1"]
[WhiteTitle "CM"]
[BlackTitle "IM"]
[WhiteElo "2158"]
[BlackElo "2470"]
[WhiteTeam "Hammersmith Chess Club"]
[BlackTeam "Wood Green"]
[WhiteFideId "427209"]
[BlackFideId "438804"]
[EventDate "2025.06.14"]
[EventType "team"]

1. e4 c5 2. Nf3 g6 3. d4 cxd4 4. Nxd4 Nc6 5. Nc3 Bg7 6. Be3 Nf6 7. h4 Qa5 8. Qd2
Nxd4 9. Bxd4 Nxe4 10. Nxe4 Qxd2+ 11. Kxd2 Bxd4 12. c3 Bg7 13. h5 O-O 14. hxg6
hxg6 15. Bd3 d5 16. Ng5 e5 17. f3 Rd8 18. Kc2 f6 19. Nh3 Kf7 20. Nf2 Be6 21. a4
Rh8 22. a5 Rxh1 23. Rxh1 Rh8 24. b4 Rxh1 25. Nxh1 f5 26. Ng3 e4 27. Be2 Ke7 28.
Nf1 Bh6 29. Nd2 Kd6 30. Nb3 Bd7 31. Nd4 a6 32. b5 axb5 33. Nxb5+ Kc5 34. Nd4 Bg7
35. Nb3+ Kd6 36. a6 bxa6 37. Bxa6 Ke5 38. Nc5 Bc6 39. Nb3 Kf4 40. fxe4 dxe4 41.
Nd4 Bxd4 42. cxd4 e3 43. Bf1 Kg3 44. Kd1 Kf2 45. Bc4 Bxg2 46. Bf7 e2+ 47. Kd2
e1=Q+ 48. Kd3 Be4+ 0-1

[Event "FIDE World Bl Team Pool B"]
[Site "London ENG"]
[Date "2025.06.14"]
[Round "8.3"]
[White "Czopor, Maciej"]
[Black "Hill, Alistair"]
[Result "1-0"]
[WhiteTitle "IM"]
[WhiteElo "2423"]
[BlackElo "2178"]
[WhiteTeam "Wood Green"]
[BlackTeam "Hammersmith Chess Club"]
[WhiteFideId "21805431"]
[BlackFideId "432407"]
[EventDate "2025.06.14"]
[EventType "team"]

1. c4 Nf6 2. Nc3 c5 3. Nf3 d5 4. cxd5 Nxd5 5. e4 Nb4 6. Bc4 Nd3+ 7. Ke2 Nf4+ 8.
Kf1 Nd3 9. Qb3 e6 10. Ne2 Nxc1 11. Rxc1 Nc6 12. Bb5 Bd7 13. d3 a6 14. Bxc6 Bxc6
15. Ne5 Qc7 16. Nxc6 Qxc6 17. g3 Be7 18. Kg2 O-O 19. a4 b5 20. axb5 axb5 21.
Rhd1 Qb7 22. h4 Rfd8 23. h5 h6 24. Ng1 Rab8 25. Nf3 c4 26. dxc4 Rxd1 27. Rxd1
bxc4 28. Qxb7 Rxb7 29. Rd2 Bd6 30. Rxd6 1-0

[Event "FIDE World Bl Team Pool B"]
[Site "London ENG"]
[Date "2025.06.14"]
[Round "8.4"]
[White "Hanache, Kai"]
[Black "Stoyanov, Viktor"]
[Result "0-1"]
[BlackTitle "FM"]
[WhiteElo "2149"]
[BlackElo "2239"]
[WhiteTeam "Hammersmith Chess Club"]
[BlackTeam "Wood Green"]
[WhiteFideId "490105"]
[BlackFideId "450308"]
[EventDate "2025.06.14"]
[EventType "team"]

1. e4 c5 2. Nf3 Nc6 3. Bb5 d6 4. O-O Bd7 5. Re1 a6 6. Bf1 Bg4 7. c3 e6 8. d4
Bxf3 9. gxf3 Qh4 10. f4 Nf6 11. Be3 Be7 12. d5 Nd8 13. h3 O-O 14. Qf3 exd5 15.
exd5 Re8 16. Nd2 b5 17. Bd3 Bf8 18. Kh2 c4 19. Bc2 Qh5 20. Qxh5 Nxh5 21. Bd1 Nf6
22. Bf3 Nb7 23. b3 cxb3 24. axb3 a5 25. c4 b4 26. Bd4 Nd7 27. Bg4 Ndc5 28. Kg3
Rxe1 29. Rxe1 g6 30. h4 f5 31. Bf3 Kf7 32. h5 Bh6 33. Rh1 g5 34. fxg5 Bxg5 35.
Nf1 Nxb3 36. Be3 Bxe3 37. Nxe3 Kf6 38. Kf4 N7c5 39. Nxf5 Nd3+ 40. Ke3 Kxf5 41.
Be4+ Kf6 42. Bxd3 h6 43. Rg1 Nc5 44. Rg6+ Kf7 45. Bb1 a4 46. Rxd6 a3 47. Rc6 b3
48. Rxc5 a2 0-1

[Event "FIDE World Bl Team Pool B"]
[Site "London ENG"]
[Date "2025.06.14"]
[Round "8.5"]
[White "Orlovska, Madara"]
[Black "Ciocan, Maria-Alexandra"]
[Result "1-0"]
[WhiteElo "2059"]
[BlackElo "1998"]
[WhiteTeam "Wood Green"]
[BlackTeam "Hammersmith Chess Club"]
[WhiteFideId "11601825"]
[BlackFideId "1227130"]
[EventDate "2025.06.14"]
[EventType "team"]

1. d4 Nf6 2. Nc3 e6 3. Bf4 d5 4. Nb5 Na6 5. e3 c6 6. Nc3 Nc7 7. Nf3 Be7 8. Bd3
c5 9. Ne5 O-O 10. Qf3 c4 11. Be2 b5 12. Nc6 Qd7 13. Ne5 Qe8 14. O-O Bd6 15. a3
Bxe5 16. dxe5 Nd7 17. Qg3 Kh8 18. Bf3 Rb8 19. Rfd1 Rg8 20. Qh3 Nf8 21. e4 Ng6
22. Bg3 b4 23. axb4 Rxb4 24. Rxa7 Nb5 25. Nxb5 Rxb5 26. Qh5 dxe4 27. Bxe4 Rxb2
28. Rc7 Qb5 29. Rxf7 Rb1 30. Bxg6 Rxd1+ 31. Qxd1 hxg6 32. Rf4 Re8 33. Rh4+ Kg8
34. h3 Bb7 35. Qg4 Qc6 36. Bf4 Rd8 37. Qxg6 Rd1+ 38. Kh2 Rf1 39. Be3 Re1 40.
Qh7+ Kf8 41. Rf4+ Ke8 42. Qg6+ Kd7 43. Rf7+ Kc8 44. Qxg7 Rd1 45. Rf8+ Rd8 46.
Rf6 Rd7 47. Qg8+ Kc7 48. Qg6 Qd5 49. Rxe6 Bc6 50. Bf4 Kb7 51. Rd6 Rxd6 52. exd6
Kc8 53. h4 Kd7 54. h5 Kd8 55. h6 Qd4 56. Qg5+ 1-0

[Event "FIDE World Bl Team Pool B"]
[Site "London ENG"]
[Date "2025.06.14"]
[Round "8.6"]
[White "Cepoi, Gesneria-Codruta"]
[Black "Gamal, Alaa"]
[Result "0-1"]
[WhiteElo "1598"]
[BlackElo "1831"]
[WhiteTeam "Hammersmith Chess Club"]
[BlackTeam "Wood Green"]
[WhiteFideId "1285297"]
[BlackFideId "469114"]
[EventDate "2025.06.14"]
[EventType "team"]

1. d4 d5 2. c4 dxc4 3. Nf3 Nf6 4. g3 a6 5. Bg2 b5 6. Ne5 Ra7 7. O-O Bb7 8. a4
Bxg2 9. Kxg2 Qd5+ 10. f3 c6 11. e4 Qd8 12. axb5 cxb5 13. Na3 Qb6 14. Be3 e6 15.
Nc2 Nbd7 16. d5 Bc5 17. Bxc5 Nxc5 18. Nc6 Rd7 19. N2b4 O-O 20. Qd4 exd5 21. exd5
Nxd5 22. Rxa6 Nxa6 23. Qxb6 Nxb6 24. Nxa6 Rd2+ 25. Kh3 Rxb2 26. Nc5 b4 27. Rc1
f6 28. Na5 c3 29. Nd3 Rd2 30. Nxb4 Ra8 31. Nb3 Rb2 32. Rxc3 Na4 33. Re3 Rb8 34.
Nc6 R8xb3 35. Re8+ Kf7 36. Re7+ Kg6 37. Nd4 Rb7 38. Re6 Nc5 39. Rc6 Nd3 40. f4
Nf2+ 41. Kh4 h5 42. h3 Ne4 43. Rc4 R7b4 44. Rc6 Rxd4 45. Re6 Rg2 46. g4 hxg4 47.
hxg4 Nf2 48. f5+ Kf7 49. Rc6 Rd7 50. Rc3 Rxg4+ 51. Kh5 Rg2 52. Rf3 Rd1 53. Rf4
Rh1+ 54. Rh4 Rxh4+ 55. Kxh4 Ke7 56. Kh5 Kd6 57. Kh4 Ke5 58. Kh5 Kxf5 59. Kh4 g5+ 0-1

[Event "FIDE World Bl Team Pool B"]
[Site "London ENG"]
[Date "2025.06.14"]
[Round "8.1"]
[White "Zhu, Pengxiao"]
[Black "Jumabayev, Rinat"]
[Result "0-1"]
[BlackTitle "GM"]
[WhiteElo "1938"]
[BlackElo "2546"]
[WhiteTeam "UK Chess Challenge Masters"]
[BlackTeam "Theme International Trading"]
[WhiteFideId "499307"]
[BlackFideId "13702661"]
[EventDate "2025.06.14"]
[EventType "team"]

1. d4 Nf6 2. c4 e6 3. Nc3 Bb4 4. Qc2 c5 5. dxc5 Bxc5 6. Nf3 b6 7. Bg5 h6 8. Bh4
Bb7 9. e4 Be7 10. e5 Nh5 11. Bxe7 Qxe7 12. Ne4 O-O 13. Bd3 Nf4 14. O-O Na6 15.
Qd2 Nxd3 16. Qxd3 Nc5 17. Nxc5 Qxc5 18. Rad1 Rad8 19. Qd4 Bxf3 20. Qxc5 bxc5 21.
gxf3 f6 22. f4 fxe5 23. fxe5 Rf4 24. b3 Kf7 25. Rfe1 Ke7 26. Kg2 a5 27. Re2 g5
28. Rd3 h5 29. Rg3 Rf5 30. Rf3 Rdf8 31. Rd3 R8f7 32. Rd6 g4 33. Ra6 h4 34. Rxa5
Rf3 35. Rxc5 h3+ 36. Kf1 g3 37. hxg3 Rxg3 38. Ke1 h2 0-1

[Event "FIDE World Bl Team Pool B"]
[Site "London ENG"]
[Date "2025.06.14"]
[Round "8.2"]
[White "Le, Tuan Minh"]
[Black "Sefton, Adam"]
[Result "1-0"]
[WhiteTitle "GM"]
[WhiteElo "2598"]
[BlackElo "2047"]
[WhiteTeam "Theme International Trading"]
[BlackTeam "UK Chess Challenge Masters"]
[WhiteFideId "12401153"]
[BlackFideId "343400965"]
[EventDate "2025.06.14"]
[EventType "team"]

1. d4 Nf6 2. Nf3 e6 3. Bf4 d5 4. e3 c5 5. c3 Nc6 6. Nbd2 Be7 7. Bd3 O-O 8. Ne5
Bd7 9. Qf3 cxd4 10. exd4 Nxe5 11. Bxe5 Ne8 12. O-O f6 13. Bg3 Bd6 14. Rfe1 Bxg3
15. Qxg3 Qc7 16. Qh4 g6 17. Nf3 Nd6 18. Qg3 Rae8 19. Re3 f5 20. Qf4 Qb8 21. Ne5
Bb5 22. Bxb5 Nxb5 23. h4 Re7 24. h5 Rg7 25. Rg3 gxh5 26. Rxg7+ Kxg7 27. Qg3+ Kh8
28. Nf7+ Rxf7 29. Qxb8+ Kg7 30. Re1 Kf6 31. Qe5+ Kg6 32. Qxe6+ Rf6 33. Qe8+ 1-0

[Event "FIDE World Bl Team Pool B"]
[Site "London ENG"]
[Date "2025.06.14"]
[Round "8.3"]
[White "Yu, Rock"]
[Black "Tin, Jingyao"]
[Result "0-1"]
[BlackTitle "GM"]
[WhiteElo "2057"]
[BlackElo "2583"]
[WhiteTeam "UK Chess Challenge Masters"]
[BlackTeam "Theme International Trading"]
[WhiteFideId "489000"]
[BlackFideId "5804418"]
[EventDate "2025.06.14"]
[EventType "team"]

1. d4 Nf6 2. f3 d5 3. e4 dxe4 4. Nc3 Nc6 5. d5 Ne5 6. Qd4 Ng6 7. fxe4 e6 8. Nf3
Be7 9. Bb5+ Bd7 10. dxe6 fxe6 11. e5 Nd5 12. Bxd7+ Qxd7 13. Ne4 Nb4 14. Qxd7+
Kxd7 15. O-O Nxc2 16. Rd1+ Ke8 17. Rb1 Nb4 18. Nc3 Rd8 19. Be3 a6 20. Rxd8+ Bxd8
21. Nd4 Kd7 22. Rd1 Nd5 23. Nxe6 Kxe6 24. Nxd5 Rf8 25. Bc5 Rf7 26. Nf4+ Nxf4 27.
Rxd8 Ne2+ 28. Kh1 Rf1+ 29. Bg1 Rxg1# 0-1

[Event "FIDE World Bl Team Pool B"]
[Site "London ENG"]
[Date "2025.06.14"]
[Round "8.4"]
[White "Siddharth, Jagadeesh"]
[Black "Longson, Sarah N"]
[Result "1-0"]
[WhiteTitle "GM"]
[BlackTitle "WFM"]
[WhiteElo "2461"]
[BlackElo "1941"]
[WhiteTeam "Theme International Trading"]
[BlackTeam "UK Chess Challenge Masters"]
[WhiteFideId "5818320"]
[BlackFideId "2501465"]
[EventDate "2025.06.14"]
[EventType "team"]

1. c4 e5 2. g3 c6 3. Nf3 e4 4. Nd4 d5 5. cxd5 cxd5 6. Bg2 Nf6 7. O-O Bc5 8. Nb3
Bb6 9. d3 O-O 10. Nc3 Bf5 11. Bg5 exd3 12. Nxd5 dxe2 13. Qxe2 Nbd7 14. Rad1 Qc8
15. Ne7+ 1-0

[Event "FIDE World Bl Team Pool B"]
[Site "London ENG"]
[Date "2025.06.14"]
[Round "8.5"]
[White "Vaidyanathan, Adithya"]
[Black "Gong, Qianyun"]
[Result "1-0"]
[BlackTitle "WGM"]
[WhiteElo "2111"]
[BlackElo "2228"]
[WhiteTeam "UK Chess Challenge Masters"]
[BlackTeam "Theme International Trading"]
[WhiteFideId "495450"]
[BlackFideId "8602425"]
[EventDate "2025.06.14"]
[EventType "team"]

1. d4 Nf6 2. c4 e6 3. Nf3 b6 4. Nc3 Bb7 5. Bg5 h6 6. Bh4 Be7 7. e3 Ne4 8. Bxe7
Qxe7 9. Nxe4 Bxe4 10. Be2 O-O 11. O-O d6 12. Nd2 Bb7 13. f4 c5 14. Bf3 Nc6 15.
Nb3 Rad8 16. Qe2 d5 17. Rfd1 dxc4 18. Qxc4 Na5 19. Nxa5 Bxf3 20. gxf3 bxa5 21.
Qxc5 Qh4 22. Qxa5 Qh3 23. Rf1 Rd5 24. Qe1 Rb8 25. b3 Rb6 26. Qg3 Qh5 27. Qg4 Qf5
28. Qxf5 exf5 29. Rac1 Re6 30. Kf2 Ra5 31. a4 Rb6 32. Rc3 Rd5 33. Rd1 g5 34.
fxg5 hxg5 35. e4 fxe4 36. fxe4 Rdd6 37. Rg3 f6 38. h4 Kf7 39. hxg5 fxg5 40. Rdd3
Kg6 41. Ke3 Rf6 42. Rf3 Rfc6 43. d5 Rc1 44. d6 g4 45. d7 Rb8 46. Rg3 Re1+ 47.
Kf4 Rd8 48. Rxg4+ Kf6 49. Rd6+ Ke7 50. e5 Rf1+ 51. Kg5 Rg8+ 52. Rg6 Rgf8 53. e6
R1f5+ 54. Kh4 Rh8+ 55. Kg3 Rhf8 56. Re4 Rf3+ 57. Kg4 1-0

[Event "FIDE World Bl Team Pool B"]
[Site "London ENG"]
[Date "2025.06.14"]
[Round "8.6"]
[White "Zhang, Changjie"]
[Black "Veselow, Zoe"]
[Result "1-0"]
[WhiteElo "1808"]
[BlackElo "1761"]
[WhiteTeam "Theme International Trading"]
[BlackTeam "UK Chess Challenge Masters"]
[WhiteFideId "5801877"]
[BlackFideId "497657"]
[EventDate "2025.06.14"]
[EventType "team"]

1. e4 c5 2. Nc3 e6 3. f4 a6 4. Nf3 Qc7 5. d3 Nc6 6. g3 b5 7. Bg2 d6 8. O-O Bb7
9. Qe1 Nf6 10. f5 Bc8 11. Kh1 Be7 12. Bg5 O-O 13. fxe6 Bxe6 14. Ne2 h6 15. Be3
Rad8 16. Qd2 d5 17. Bxh6 gxh6 18. Qxh6 Nh7 19. Nf4 Qd7 20. Nh5 Bf6 21. Nxf6+
Nxf6 22. Qxf6 Qe7 23. Qh6 f6 24. Nh4 Qg7 25. Qxg7+ Kxg7 26. exd5 Bxd5 27. Bxd5
Rxd5 28. Rae1 Re5 29. Rxe5 Nxe5 30. Nf5+ Kg6 31. Ne7+ Kf7 32. Nd5 Rc8 33. Nxf6
Ke6 34. Ne4 c4 35. Rf6+ Kd5 36. Rd6# 1-0

[Event "FIDE World Bl Team Pool B"]
[Site "London ENG"]
[Date "2025.06.14"]
[Round "8.1"]
[White "Rakotomaharo, Fy Antenaina"]
[Black "Rodshtein, Maxim"]
[Result "1-0"]
[WhiteTitle "IM"]
[BlackTitle "GM"]
[WhiteElo "2441"]
[BlackElo "2645"]
[WhiteTeam "Mother Continent"]
[BlackTeam "Rishon LeZion Chess Club"]
[WhiteFideId "13100050"]
[BlackFideId "2806851"]
[EventDate "2025.06.14"]
[EventType "team"]

1. e4 c5 2. Nf3 d6 3. Bb5+ Bd7 4. Bxd7+ Nxd7 5. O-O e6 6. c3 Ngf6 7. Qe2 Be7 8.
d4 O-O 9. Rd1 d5 10. e5 Ne8 11. Bf4 Rc8 12. Nbd2 Nc7 13. Nf1 cxd4 14. cxd4 Na6
15. Ng3 Nb4 16. a3 Nc6 17. Nh5 g6 18. Ng3 a6 19. Bh6 Re8 20. Qe3 f6 21. exf6
Bxf6 22. h4 Bxh4 23. Nxh4 Qxh4 24. Bg5 Qg4 25. Kh2 e5 26. f3 Qe6 27. dxe5 Ndxe5
28. Qf4 Nf7 29. Bf6 Qd6 30. Qxd6 Nxd6 31. Rxd5 Nf7 32. Rad1 Nce5 33. Ne4 Nc4 34.
Rd7 Ne3 35. R1d3 Nf5 36. Bc3 Kf8 37. Nf6 Re2 38. Nxh7+ Kg8 39. Nf6+ Kf8 40. Rxb7
Nh4 41. Rdd7 Rxg2+ 42. Kh1 Ng5 43. Bb4+ 1-0